Statistiques concernant 15 principaux pays touchés par Covid-19 - 2 décembre

Cliquez ici pour prendre le quiz!

Statistiques générales

  • Ce quiz a été pris 17 fois
  • Le résultat moyen est 14 sur 27

Statistiques - réponses

pays% Correct
Brésil
100%
Espagne
100%
France
100%
Russie
100%
Etats-Unis
93%
Italie
93%
Belgique
87%
Mexique
87%
Allemagne
80%
Argentine
80%
Inde
80%
Royaume-Uni
73%
Suisse
67%
Colombie
53%
Pologne
53%
Iran
47%
Pérou
40%
Panama
20%
Slovénie
20%
Tchèquie
20%
Croatie
13%
Koweït
13%
Bahreïn
7%
Israël
7%
Qatar
7%
Arménie
0%
Géorgie
0%

Distribution des résultats

Percentile par nombre de réponses

% des personnes avec chaque résultat

Votre développement - résultats

Vous n’avez pas pris ce quiz